|
|
|
|
| LEADER |
00000nab a2200000uu 4500 |
| 001 |
vtls010912613 |
| 003 |
SK-MaSNL |
| 005 |
20260303150448.0 |
| 008 |
230222|1939 xo |||||||||||||||||slo| |
| 015 |
|
|
|a SNBRB
|
| 035 |
|
|
|a (urnnbn)urn:nbn:sk:snk:ar-a0877b
|
| 035 |
|
|
|a (uuid)ec063d68-60ce-4b66-81a6-ebaf525757b0
|
| 035 |
|
|
|a urn:nbn:sk:snk-ab91js
|
| 040 |
|
|
|a SNKBUCL
|b slo
|c SNKBUCL
|e AACR2
|
| 041 |
0 |
|
|a slo
|
| 044 |
|
|
|a xo
|c SK
|
| 100 |
1 |
|
|a Buchta, Viktor,
|d 1892-1965
|4 aut
|9 38375
|
| 245 |
1 |
0 |
|a Pestovanie včasných slivák na Slovensku. II
|c Viktor Buchta
|
| 773 |
0 |
|
|t Slovenské ovocinárstvo : odborný časopis pre povznesenie ovocinárstva, vinohradníctva a záhradníctva : orgán Slovenskej ovocinárskej spoločnosti a jej odbočiek
|g Č. 370 (1939), s. 133-134
|
| 954 |
|
|
|a odborná, vedecká literatúra pôvodná (slovenská)
|2 lita
|
| 958 |
|
|
|a OND
|
| 958 |
|
|
|a EUIPO
|
| 958 |
|
|
|a article10
|
| 999 |
|
|
|c 2010922
|d 2012852
|